000 00342nam a2200133Ia 4500
005 20251222143142.0
008 251222s9999||||xx |||||||||||||| ||spa||
020 _a9972-46-123-6
082 _a498.323/T27
100 _aTaylor, Gerald
245 0 _aEstudios Lingüísticos sobre Chachapoyas
264 _bFondo Editorial UNMSM
942 _cLIB
999 _c12359
_d12359